00566nam a2200169Ia 4500003000900000008004100009040001600050080001600066100002900082245013500111260003500246300001600281490003100297650002500328650002400353650001900377IN-BaIIA211028s9999 xx 000 0 eng d cIIA Library a517.94bLUC aLuchka, Anton Yur'yevich 4aThe method of averaging functional correctionsbtheory and applicationscAnton Yur'yevich Luchka  aNew YorkbAcademic Pressc1965 axvii, 136p. aAcademic paperbacks series aAnalysis-Mathematics aFunctional Analysis aNASA Thesaurus